[Event "SF Beelen 1 - SG Ahaus-Wessum 1"]
[Site "Verbandsliga 2015/2016"]
[Date "2016.03.05"]
[Round "7.8"]
[White "Bleier, Thomas"]
[Black "Wegener, Leon"]
[Result "1/2-1/2"]
[WhiteElo "1651"]
[BlackElo "1327"]
[PlyCount "34"]
[EventDate "2016.??.??"]
[SourceDate "2015.09.20"]

1. e4 e5 2. Nf3 Nc6 3. Nc3 Nf6 4. d4 exd4 5. Nxd4 Bc5 6. Be3 Bb6 7. Nxc6 bxc6
8. Qd2 Bxe3 9. Qxe3 O-O 10. Be2 Re8 11. Rd1 d6 12. O-O Bf5 13. f3 d5 14. Qc5
Bd7 15. exd5 cxd5 16. Ba6 c6 17. Na4 Qc7 1/2-1/2

[Event "SK Bocholt 1 - TV Borken 1"]
[Site "Verbandsliga 2015/2016"]
[Date "2016.03.05"]
[Round "7.1"]
[White "Schulze-Schwering, Philipp"]
[Black "Fuest, Martin"]
[Result "1/2-1/2"]
[WhiteElo "2047"]
[BlackElo "2157"]
[PlyCount "41"]
[EventDate "2016.??.??"]
[SourceDate "2015.09.20"]

1. d4 d5 2. c4 c6 3. Nf3 Nf6 4. e3 e6 5. Nc3 Nbd7 6. Qc2 Bd6 7. b3 O-O 8. Bb2
Qa5 9. Be2 e5 10. dxe5 Nxe5 11. cxd5 cxd5 12. O-O Nxf3+ 13. Bxf3 Be6 14. Rfd1
Rac8 15. Qd3 Be5 16. Na4 Bxb2 17. Nxb2 Rc7 18. Qd2 Qa3 19. Nd3 Rfc8 20. Rac1 h6
21. Rxc7 1/2-1/2

[Event "SK Bocholt 1 - TV Borken 1"]
[Site "Verbandsliga 2015/2016"]
[Date "2016.03.05"]
[Round "7.2"]
[White "Liesmann, Karsten"]
[Black "Schroer, Klaus"]
[Result "1/2-1/2"]
[WhiteElo "1987"]
[BlackElo "2045"]
[PlyCount "59"]
[EventDate "2016.??.??"]
[SourceDate "2015.09.20"]

1. d4 Nf6 2. Nf3 e6 3. e3 b6 4. Bd3 Bb7 5. O-O Be7 6. c4 O-O 7. Nc3 d5 8. b3 c5
9. Bb2 Nc6 10. Rc1 Rc8 11. dxc5 dxc4 12. Bxc4 Bxc5 13. Qe2 Qe7 14. Rfd1 Rfd8
15. Rxd8+ Rxd8 16. Rd1 h6 17. h3 Rd7 18. Bb5 Rxd1+ 19. Qxd1 a6 20. Bd3 b5 21.
Ne4 Nxe4 22. Bxe4 f5 23. Bb1 Qd8 24. Qxd8+ Nxd8 25. Ne5 Bd5 26. Bc2 Nb7 27. Nd3
Bd6 28. Nf4 Bxf4 29. exf4 Kf7 30. g3 1/2-1/2

[Event "SK Bocholt 1 - TV Borken 1"]
[Site "Verbandsliga 2015/2016"]
[Date "2016.03.05"]
[Round "7.3"]
[White "Beckmann, David"]
[Black "Naumann, Felix"]
[Result "1-0"]
[WhiteElo "1991"]
[BlackElo "1805"]
[PlyCount "73"]
[EventDate "2016.??.??"]
[SourceDate "2015.09.20"]

1. Nf3 Nf6 2. g3 e6 3. c4 b6 4. Bg2 Bb7 5. O-O Be7 6. b3 O-O 7. Bb2 d5 8. e3
Nbd7 9. Nc3 c5 10. Qc2 Rc8 11. Rfd1 a6 12. Ne2 Qc7 13. Rac1 e5 14. cxd5 Nxd5
15. d3 Nb4 16. Qb1 Bf6 17. a3 Nxd3 18. Rxd3 e4 19. Rxd7 Qxd7 20. Ne5 Qe6 21.
Nc4 Bxb2 22. Qxb2 g5 23. Nc3 f5 24. Bf1 f4 25. Na5 b5 26. Nxb7 fxe3 27. fxe3
Qb6 28. Nxe4 c4 29. Nbc5 Rxc5 30. Nxc5 Qxc5 31. Qd4 Qxa3 32. Qd5+ Kh8 33. Qe5+
Kg8 34. Qxg5+ Kh8 35. Qe5+ Kg8 36. Rb1 Qa2 37. Qb2 1-0

[Event "SK Bocholt 1 - TV Borken 1"]
[Site "Verbandsliga 2015/2016"]
[Date "2016.03.05"]
[Round "7.4"]
[White "Hunhoff, Sebastian"]
[Black "Farwick, Christian"]
[Result "1-0"]
[WhiteElo "1894"]
[BlackElo "1828"]
[PlyCount "57"]
[EventDate "2016.??.??"]
[SourceDate "2015.09.20"]

1. c4 e6 2. Nc3 c5 3. e4 d6 4. g3 Nc6 5. Bg2 Be7 6. Nge2 Nf6 7. O-O O-O 8. d3
Bd7 9. h3 a6 10. Be3 Qc7 11. f4 Rab8 12. g4 b5 13. Qd2 Rfd8 14. Ng3 Nd4 15. g5
Ne8 16. Rf2 Qa5 17. Raf1 f6 18. h4 b4 19. Nce2 Nxe2+ 20. Qxe2 Qxa2 21. f5 fxg5
22. hxg5 Kh8 23. Qh5 Nf6 24. gxf6 Bxf6 25. Bg5 Be5 26. Bxd8 Bxg3 27. Rf3 Rxd8
28. Rxg3 Qxb2 29. f6 1-0

[Event "SK Bocholt 1 - TV Borken 1"]
[Site "Verbandsliga 2015/2016"]
[Date "2016.03.05"]
[Round "7.5"]
[White "Theißen, Frank"]
[Black "Steiner, Karl"]
[Result "1/2-1/2"]
[WhiteElo "1757"]
[BlackElo "1919"]
[PlyCount "45"]
[EventDate "2016.??.??"]
[SourceDate "2015.09.20"]

1. e4 e6 2. d3 c5 3. g3 Nc6 4. f4 d6 5. Nf3 Qc7 6. Nc3 a6 7. Bg2 Nf6 8. h3 g6
9. Ne2 Bg7 10. c3 c4 11. Qc2 cxd3 12. Qxd3 O-O 13. g4 Rd8 14. Ng3 b5 15. Be3
Bb7 16. g5 Nd7 17. h4 b4 18. Bd2 Nc5 19. Qc2 a5 20. Rc1 bxc3 21. bxc3 Ba6 22.
Bf1 Bxf1 23. Kxf1 1/2-1/2

[Event "SK Bocholt 1 - TV Borken 1"]
[Site "Verbandsliga 2015/2016"]
[Date "2016.03.05"]
[Round "7.6"]
[White "Robeling, Stephan"]
[Black "Rickert, Berthold"]
[Result "1-0"]
[WhiteElo "1869"]
[BlackElo "1803"]
[PlyCount "29"]
[EventDate "2016.??.??"]
[SourceDate "2015.09.20"]

1. d4 g6 2. Nf3 Bg7 3. c4 d6 4. Bf4 Nd7 5. Nc3 c5 6. e3 Ngf6 7. h3 O-O 8. Be2
b6 9. O-O Bb7 10. Qc2 a6 11. Rad1 Qc7 12. Rd2 Rfe8 13. d5 Nh5 14. Bh2 Bh6 15.
g4 1-0

[Event "SK Bocholt 1 - TV Borken 1"]
[Site "Verbandsliga 2015/2016"]
[Date "2016.03.05"]
[Round "7.7"]
[White "Vijayakumaran, Vithoosan"]
[Black "Hunhoff, Andreas"]
[Result "0-1"]
[WhiteElo "1674"]
[BlackElo "1848"]
[PlyCount "73"]
[EventDate "2016.??.??"]
[SourceDate "2015.09.20"]

1. b3 f5 2. Bb2 Nc6 3. Nf3 e6 4. e3 a6 5. d4 Nf6 6. Nbd2 d5 7. c4 Bb4 8. a3
Bxd2+ 9. Qxd2 Bd7 10. b4 O-O 11. Bd3 Ne4 12. Qc2 Rc8 13. cxd5 exd5 14. Qb3 Ne7
15. a4 c6 16. Ba3 Re8 17. Rc1 Ng6 18. h4 Kh8 19. h5 Nf4 20. Bxe4 fxe4 21. Ne5
Rxe5 22. exf4 Re8 23. Qe3 a5 24. Kd2 h6 25. Qc3 axb4 26. Bxb4 Qf6 27. Ke3 b6
28. a5 bxa5 29. Bc5 Rb8 30. Rb1 a4 31. Qa3 Rb5 32. Rhc1 Reb8 33. Rb4 g5 34.
hxg6 Qxg6 35. Rxb5 Rxb5 36. Qxa4 Qxg2 37. Qd1 0-1

[Event "SK Bocholt 1 - TV Borken 1"]
[Site "Verbandsliga 2015/2016"]
[Date "2016.03.05"]
[Round "7.8"]
[White "Wüstnienhaus, Andreas"]
[Black "Klüppel, Ralf"]
[Result "1/2-1/2"]
[WhiteElo "1912"]
[BlackElo "1677"]
[PlyCount "38"]
[EventDate "2016.??.??"]
[SourceDate "2015.09.20"]

1. c4 Nf6 2. Nc3 d5 3. cxd5 Nxd5 4. g3 g6 5. Bg2 Nxc3 6. bxc3 Bg7 7. Qb3 Nc6 8.
Nf3 O-O 9. O-O b6 10. d3 Na5 11. Qc2 Bb7 12. Rb1 c5 13. Bd2 Rc8 14. c4 Nc6 15.
Rfc1 e5 16. Bh3 Rc7 17. Qd1 h6 18. a4 Qe7 19. a5 bxa5 1/2-1/2

[Event "SC Rochade Emsdetten 2 - SK Münster 4"]
[Site "Verbandsliga 2015/2016"]
[Date "2016.03.05"]
[Round "7.1"]
[White "Schulz, Stefan"]
[Black "Böhlich, Daniel"]
[Result "0-1"]
[WhiteElo "1937"]
[BlackElo "1944"]
[PlyCount "76"]
[EventDate "2016.??.??"]
[SourceDate "2015.09.20"]

1. d4 Nf6 2. Nf3 g6 3. g3 Bg7 4. Bg2 O-O 5. c4 d6 6. O-O Nc6 7. h3 a6 8. Nc3
Bd7 9. e4 e5 10. Be3 exd4 11. Nxd4 Re8 12. Re1 Qc8 13. Kh2 Ne5 14. b3 c5 15.
Nde2 b5 16. cxb5 axb5 17. Qxd6 b4 18. Nd5 Nxd5 19. Qxd5 Be6 20. Qd2 Rd8 21. Qc2
Nd3 22. Red1 Bxa1 23. Rxa1 c4 24. bxc4 Qxc4 25. Qb1 Rxa2 26. Rxa2 Qxa2 27. Qd1
b3 28. Bh6 Qc2 29. Qa1 b2 30. Qa5 Rc8 31. Qg5 Qc5 32. Qf6 Qe5 33. Qe7 Bxh3 34.
Qb7 Rb8 35. Qa6 Bxg2 36. Kxg2 Qxe4+ 37. Kh2 Qxe2 38. Qf6 Qxf2+ 0-1

[Event "SC Rochade Emsdetten 2 - SK Münster 4"]
[Site "Verbandsliga 2015/2016"]
[Date "2016.03.05"]
[Round "7.2"]
[White "Lücke, Thomas"]
[Black "Jansen, Dirk"]
[Result "1/2-1/2"]
[WhiteElo "1801"]
[BlackElo "1924"]
[PlyCount "44"]
[EventDate "2016.??.??"]
[SourceDate "2015.09.20"]

1. Nf3 d5 2. d4 e6 3. c4 c5 4. cxd5 exd5 5. Nc3 Nc6 6. e3 Nf6 7. Be2 Bd6 8. Nb5
Be7 9. dxc5 Bxc5 10. O-O O-O 11. b3 Be6 12. Bb2 Qe7 13. h3 Rfd8 14. Bd3 Rac8
15. Rc1 Ne4 16. Qe2 Bf5 17. Nbd4 Bg6 18. Nxc6 bxc6 19. Ne5 f6 20. Nxg6 hxg6 21.
Bxe4 dxe4 22. Rfd1 Rxd1+ 1/2-1/2

[Event "SC Rochade Emsdetten 2 - SK Münster 4"]
[Site "Verbandsliga 2015/2016"]
[Date "2016.03.05"]
[Round "7.3"]
[White "Wolffgang, Georg"]
[Black "Hedwig, Johannes"]
[Result "1/2-1/2"]
[WhiteElo "1879"]
[BlackElo "1809"]
[PlyCount "79"]
[EventDate "2016.??.??"]
[SourceDate "2015.09.20"]

1. d4 d5 2. c4 Nf6 3. Nc3 e6 4. cxd5 exd5 5. Bg5 Be7 6. e3 c6 7. Bd3 h6 8. Bh4
O-O 9. Qc2 Re8 10. Nf3 Ng4 11. Bg3 Bd6 12. Bxd6 Qxd6 13. O-O-O a5 14. h3 Nf6
15. Ne5 Re7 16. g4 Na6 17. Qd2 b5 18. f4 b4 19. Na4 Nd7 20. Nxd7 Bxd7 21. Bxa6
Rxa6 22. Nc5 Ra7 23. b3 Bc8 24. Qd3 Ra8 25. Rdg1 Rea7 26. g5 Ba6 27. Qd1 hxg5
28. Rxg5 f6 29. Rg6 Bb5 30. Rhg1 Re7 31. Qg4 Raa7 32. f5 Qh2 33. Rg2 Qh1+ 34.
Rg1 Qh2 35. Ne6 Qxa2 36. Rxf6 Qa1+ 37. Kd2 Qc3+ 38. Kd1 Qa1+ 39. Kd2 Qc3+ 40.
Kd1 1/2-1/2

[Event "SC Rochade Emsdetten 2 - SK Münster 4"]
[Site "Verbandsliga 2015/2016"]
[Date "2016.03.05"]
[Round "7.4"]
[White "Hemmers, Dieter"]
[Black "Voß, Norbert"]
[Result "1/2-1/2"]
[WhiteElo "1799"]
[BlackElo "1854"]
[PlyCount "103"]
[EventDate "2016.??.??"]
[SourceDate "2015.09.20"]

1. e4 d6 2. d4 Nf6 3. Nc3 c6 4. Nf3 Bg4 5. h3 Bh5 6. Be2 e6 7. O-O Be7 8. Be3
d5 9. exd5 cxd5 10. Ne5 Bxe2 11. Qxe2 O-O 12. Rad1 a6 13. f4 g6 14. g4 Nbd7 15.
Qf3 Bd6 16. Nxd7 Qxd7 17. Kh1 Qc6 18. f5 Ne4 19. Nxe4 dxe4 20. Qe2 Rac8 21. Rc1
e5 22. dxe5 Bxe5 23. c3 Rcd8 24. fxg6 hxg6 25. Bh6 Bg7 26. Bxg7 Kxg7 27. Rce1
e3+ 28. Qf3 Qxf3+ 29. Rxf3 Rd2 30. Rfxe3 Rxb2 31. R1e2 Rxe2 32. Rxe2 Rc8 33.
Re3 Rc4 34. Kg2 Ra4 35. Re2 Ra3 36. Rc2 b5 37. Kf2 Kf6 38. Ke2 Kg5 39. Kf2 f5
40. gxf5 Kxf5 41. Ke3 Kg5 42. Ke4 Ra4+ 43. Ke5 Rc4 44. Rg2+ Kh5 45. Rg3 g5 46.
Kf5 Rc5+ 47. Kf6 Kh4 48. Rd3 Rc6+ 49. Kf5 Rb6 50. Rd4+ Kg3 51. Kxg5 Kxh3 52.
Kf4 1/2-1/2

[Event "SC Rochade Emsdetten 2 - SK Münster 4"]
[Site "Verbandsliga 2015/2016"]
[Date "2016.03.05"]
[Round "7.5"]
[White "Börger, Andreas"]
[Black "Nöring, Andreas"]
[Result "0-1"]
[WhiteElo "1811"]
[BlackElo "1833"]
[PlyCount "74"]
[EventDate "2016.??.??"]
[SourceDate "2015.09.20"]

1. c4 f5 2. f4 Nf6 3. Nf3 b6 4. g3 Bb7 5. Bg2 e6 6. Nc3 Be7 7. e3 c5 8. d3 O-O
9. O-O a6 10. b3 Qc7 11. Bb2 Nc6 12. Qe2 Rad8 13. Rad1 d5 14. d4 Ne4 15. Nxe4
dxe4 16. Ne5 Nxe5 17. fxe5 Bg5 18. Bh3 Rf7 19. d5 exd5 20. cxd5 Rxd5 21. Rxd5
Bxd5 22. Bxf5 g6 23. Bh3 Rxf1+ 24. Bxf1 b5 25. Qf2 Qf7 26. h4 Bh6 27. Qf6 Bxe3+
28. Kh2 Qxf6 29. exf6 h5 30. Be2 Bd4 31. Bxd4 cxd4 32. g4 hxg4 33. Kg3 Be6 34.
Kf4 d3 35. Bd1 Bf5 36. h5 gxh5 37. Kxf5 e3 0-1

[Event "SC Rochade Emsdetten 2 - SK Münster 4"]
[Site "Verbandsliga 2015/2016"]
[Date "2016.03.05"]
[Round "7.6"]
[White "Fehlings, Gerd"]
[Black "Schöpper, Oliver"]
[Result "1/2-1/2"]
[WhiteElo "1735"]
[BlackElo "1794"]
[PlyCount "80"]
[EventDate "2016.??.??"]
[SourceDate "2015.09.20"]

1. d4 d5 2. Nf3 Nf6 3. c4 c6 4. g3 Bf5 5. Qb3 Qb6 6. Bg2 dxc4 7. Qxc4 e6 8. O-O
Nbd7 9. Nc3 Qb4 10. Qxb4 Bxb4 11. a3 Be7 12. Re1 O-O 13. e4 Bg4 14. h3 Bxf3 15.
Bxf3 Rad8 16. Bf4 Rfe8 17. Rad1 Nb6 18. Bc7 Rd7 19. Bxb6 axb6 20. d5 e5 21. Bg2
Red8 22. Re2 Bc5 23. Red2 b5 24. b4 Bd4 25. Ne2 Bb6 26. Kf1 Bc7 27. Ke1 Kf8 28.
Nc1 cxd5 29. exd5 e4 30. Re2 Rxd5 31. Rxd5 Rxd5 32. Bxe4 Nxe4 33. Rxe4 Be5 34.
Re3 f6 35. Rd3 Rxd3 36. Nxd3 Bc3+ 37. Ke2 Ke7 38. Kf3 b6 39. Ke4 Kd6 40. g4 g6
1/2-1/2

[Event "SC Rochade Emsdetten 2 - SK Münster 4"]
[Site "Verbandsliga 2015/2016"]
[Date "2016.03.05"]
[Round "7.7"]
[White "Schlagheck, Thomas"]
[Black "Lachmuth, Matthias"]
[Result "1/2-1/2"]
[WhiteElo "1680"]
[BlackElo "1758"]
[PlyCount "69"]
[EventDate "2016.??.??"]
[SourceDate "2015.09.20"]

1. c4 c5 2. Nc3 Nc6 3. g3 g6 4. Bg2 Bg7 5. e3 e6 6. Nge2 Nge7 7. O-O O-O 8. b3
b6 9. Bb2 Bb7 10. Rb1 Rb8 11. d4 cxd4 12. exd4 d5 13. cxd5 Nxd5 14. Nxd5 exd5
15. Nf4 Ne7 16. Rc1 Rc8 17. Qe2 Rxc1 18. Rxc1 Nf5 19. Qb5 Bxd4 20. Bxd4 Nxd4
21. Qd3 Ne6 22. Nxd5 Bxd5 23. Qxd5 Qxd5 24. Bxd5 Nc5 25. Re1 Rd8 26. Bc4 Rd7
27. a4 Kf8 28. Kg2 Rd4 29. Rc1 Rd2 30. Kf3 f5 31. Re1 Ne4 32. Re2 Rd4 33. Ke3
Rd7 34. f3 Nc5 35. Rd2 1/2-1/2

[Event "SC Rochade Emsdetten 2 - SK Münster 4"]
[Site "Verbandsliga 2015/2016"]
[Date "2016.03.05"]
[Round "7.8"]
[White "Schulte, Ralf"]
[Black "Voß, Andreas"]
[Result "0-1"]
[WhiteElo "1774"]
[BlackElo "1678"]
[PlyCount "174"]
[EventDate "2016.??.??"]
[SourceDate "2015.09.20"]

1. d4 f5 2. Nf3 Nf6 3. g3 e6 4. Bg2 d5 5. O-O Bd6 6. Nbd2 O-O 7. e3 Nbd7 8. c4
c6 9. a3 a5 10. b3 Ne4 11. Bb2 Qe7 12. Qc2 b6 13. Rfc1 g5 14. Ne5 Bb7 15. cxd5
cxd5 16. f4 Ba6 17. Qd1 Rac8 18. Nxe4 fxe4 19. Qg4 Nxe5 20. fxe5 Rxc1+ 21. Rxc1
Bxa3 22. Bxa3 Qxa3 23. Qxe6+ Kh8 24. Qc6 Qxb3 25. h3 Qxe3+ 26. Kh2 Qxd4 27. Qd6
Qb4 28. Qh6 Bc4 29. h4 Qe7 30. hxg5 b5 31. Kg1 Qg7 32. Qd6 Re8 33. e6 Qxg5 34.
Rc2 Qe7 35. Qe5+ Qg7 36. Qd6 Qe7 37. Qe5+ Kg8 38. Rf2 Qxe6 39. Qh5 Qg6 40. Qh4
Rf8 41. Rf4 Rxf4 42. Qxf4 Qb6+ 43. Kh2 b4 44. Qg5+ Kf8 45. Bh3 Qf2+ 46. Kh1 Qb6
47. Qf5+ Ke7 48. Qd7+ Kf6 49. Qf5+ Kg7 50. Qd7+ Kh6 51. Qf7 Qd6 52. Bg4 b3 53.
Qh5+ Kg7 54. Qg5+ Kh8 55. Qf5 b2 56. Qc8+ Kg7 57. Qb7+ Kh6 58. Qxb2 d4 59. Qh2+
Kg7 60. Bh5 Qh6 61. Qh4 Qc1+ 62. Kh2 Qd2+ 63. Kh3 Be6+ 64. Bg4 Bxg4+ 65. Qxg4+
Kf6 66. Qxe4 h6 67. Qc6+ Ke5 68. Qb5+ Ke4 69. Qb7+ Kd3 70. Qf3+ Kc2 71. Qc6+
Qc3 72. Qa4+ Kb2 73. Qb5+ Ka3 74. Qe5 a4 75. Qd6+ Ka2 76. Qd5+ Kb1 77. Qb5+ Qb3
78. Qf1+ Kc2 79. Qe2+ Kc3 80. Qe1+ Kc4 81. Qe6+ Kb4 82. Qd6+ Kc3 83. Qc6+ Qc4
84. Qxh6 Qf1+ 85. Kg4 Qd1+ 86. Kf5 Qf3+ 87. Kg6 Qc6+ 0-1

[Event "SC Falke Saerbeck 1 - SV Heiden 1"]
[Site "Verbandsliga 2015/2016"]
[Date "2016.03.05"]
[Round "7.1"]
[White "Berger, Alfred"]
[Black "Hegemann, Eike"]
[Result "1/2-1/2"]
[WhiteElo "1974"]
[BlackElo "1985"]
[PlyCount "34"]
[EventDate "2016.??.??"]
[SourceDate "2015.09.20"]

1. Nf3 d5 2. d4 Nf6 3. c4 e6 4. g3 Be7 5. Bg2 O-O 6. O-O dxc4 7. Ne5 Nc6 8.
Bxc6 bxc6 9. Nxc6 Qe8 10. Nxe7+ Qxe7 11. Qa4 e5 12. dxe5 Qxe5 13. Nc3 Bh3 14.
Rd1 Ne4 15. Qxc4 Nxc3 16. bxc3 Rfe8 17. Be3 Rab8 1/2-1/2

[Event "SC Falke Saerbeck 1 - SV Heiden 1"]
[Site "Verbandsliga 2015/2016"]
[Date "2016.03.05"]
[Round "7.2"]
[White "Fischer, Andreas"]
[Black "Wienen, Hermann"]
[Result "1/2-1/2"]
[WhiteElo "1952"]
[BlackElo "1955"]
[PlyCount "30"]
[EventDate "2016.??.??"]
[SourceDate "2015.09.20"]

1. e4 e5 2. f4 Nc6 3. Nc3 d6 4. Nf3 Nf6 5. Bb5 exf4 6. d4 Bd7 7. Bxf4 a6 8. Bd3
Bg4 9. Be2 d5 10. exd5 Nxd5 11. Nxd5 Qxd5 12. Bxc7 Be7 13. c3 O-O 14. O-O Rae8
15. Qd2 Bg5 1/2-1/2

[Event "SC Falke Saerbeck 1 - SV Heiden 1"]
[Site "Verbandsliga 2015/2016"]
[Date "2016.03.05"]
[Round "7.3"]
[White "Ehrlich, Hans-Georg"]
[Black "Hoge, Reinhard"]
[Result "1/2-1/2"]
[WhiteElo "1804"]
[BlackElo "1912"]
[PlyCount "41"]
[EventDate "2016.??.??"]
[SourceDate "2015.09.20"]

1. b4 Nf6 2. Bb2 g6 3. e3 Bg7 4. Nf3 O-O 5. Be2 d6 6. d4 Nbd7 7. O-O e5 8. b5
Re8 9. a4 e4 10. Nfd2 Nf8 11. c4 h5 12. Nc3 Bf5 13. Re1 N8h7 14. Nf1 h4 15. f3
Qd7 16. fxe4 Nxe4 17. Nxe4 Bxe4 18. Bg4 f5 19. Bf3 Ng5 20. Bxe4 fxe4 21. h3
1/2-1/2

[Event "SC Falke Saerbeck 1 - SV Heiden 1"]
[Site "Verbandsliga 2015/2016"]
[Date "2016.03.05"]
[Round "7.5"]
[White "Niewerth, Gerd"]
[Black "Waltermann, Jens"]
[Result "1/2-1/2"]
[WhiteElo "1758"]
[BlackElo "1837"]
[PlyCount "21"]
[EventDate "2016.??.??"]
[SourceDate "2015.09.20"]

1. e4 d6 2. c4 c5 3. Nf3 e5 4. d3 Nc6 5. Be2 Be7 6. Nc3 f5 7. Nd5 Nf6 8. Nxe7
Qxe7 9. Bg5 O-O 10. Qd2 Rb8 11. O-O 1/2-1/2

[Event "SC Falke Saerbeck 1 - SV Heiden 1"]
[Site "Verbandsliga 2015/2016"]
[Date "2016.03.05"]
[Round "7.6"]
[White "Bartsch, Rainer"]
[Black "Dombrowa, Franz"]
[Result "1-0"]
[WhiteElo "1787"]
[BlackElo "1254"]
[PlyCount "39"]
[EventDate "2016.??.??"]
[SourceDate "2015.09.20"]

1. d4 Nf6 2. Nf3 e6 3. e3 d5 4. Bd3 Nc6 5. O-O Be7 6. Nbd2 a6 7. a4 O-O 8. c3
b6 9. Qc2 g6 10. e4 dxe4 11. Nxe4 a5 12. Bh6 Re8 13. Rad1 Ba6 14. Bxa6 Rxa6 15.
Rfe1 Bf8 16. Bg5 Bg7 17. Ne5 Nxe5 18. dxe5 Qe7 19. exf6 Bxf6 20. Nxf6+ 1-0

[Event "SC Falke Saerbeck 1 - SV Heiden 1"]
[Site "Verbandsliga 2015/2016"]
[Date "2016.03.05"]
[Round "7.7"]
[White "Rottstegge, Maurice"]
[Black "Löckener, Thomas"]
[Result "1/2-1/2"]
[WhiteElo "1636"]
[BlackElo "1673"]
[PlyCount "30"]
[EventDate "2016.??.??"]
[SourceDate "2015.09.20"]

1. e4 e6 2. d4 d5 3. Nc3 dxe4 4. Nxe4 Bd7 5. Nf3 Be7 6. Bd3 Bc6 7. O-O Nf6 8.
Re1 Nbd7 9. c3 Nxe4 10. Bxe4 Bxe4 11. Rxe4 Nf6 12. Re2 O-O 13. Qb3 b6 14. Ne5
Qc8 15. Nc6 Bd6 1/2-1/2

[Event "SC Falke Saerbeck 1 - SV Heiden 1"]
[Site "Verbandsliga 2015/2016"]
[Date "2016.03.05"]
[Round "7.8"]
[White "Körbel, Thomas"]
[Black "Mense, Petra"]
[Result "1/2-1/2"]
[WhiteElo "1325"]
[BlackElo "1406"]
[PlyCount "28"]
[EventDate "2016.??.??"]
[SourceDate "2015.09.20"]

1. e4 c5 2. c3 d6 3. d4 cxd4 4. cxd4 Nf6 5. Nc3 a6 6. Bd2 g6 7. f3 Bg7 8. Qa4+
Qd7 9. Bb5 axb5 10. Qxa8 Na6 11. Nxb5 O-O 12. a4 Qe6 13. Ne2 Nxe4 14. Nf4 Qf5
1/2-1/2